000 00221nam a22000857a 4500
008 170220b xxu||||| |||| 00| 0 eng d
100 _92917
_aRaja Pocket Book
245 _aAladdin and Magic Lamp
260 _aNew Delhi
_bRPB
_c2007
999 _c6154
_d6154